000 00427nam a2200181Ia 4500
999 _c45375
_d45375
003 0100
005 20180305154943.0
008 130303s9999 xx 000 0 und d
040 _cARRUPELIB
050 _aDT944.L4S71961
100 _aStanton, Hannah
_940237
245 _aGo well, stay well:
_bSouth Africa August 1956 to May 1960 /
260 _aLondon
_bHodder and Stoughton
_c1961
300 _a254p
650 _aAfrica, South
_xNative races
_925898
650 _aLady Selborne, South Africa
_940238
942 _2lcc
_cMONOGRAPH